Retrouvez le bon papillon ! - Statistiques

Statistiques générales
  • Ce quiz a été pris 216 fois
    213 depuis la dernière actualisation
  • Le résultat moyen est 21 sur 30
Statistiques - réponses
Question Réponse % Correct
Le Paon du jour (Aglais io)
92%
Le Gazé (Aporia crataegi)
89%
Le Vulcain (Vanessa atalanta)
87%
Le Tabac d'Espagne (Argynnis paphia)
85%
Le Citron (Gonepteryx rhamni)
85%
La Carte géographique (Araschnia levana), forme estivale
85%
Le Flambé (Iphiclides podalirius)
82%
Le Demi-Deuil (Melanargia galathea)
82%
Le Machaon (Papilio machaon)
81%
L'Aurore (Anthocharis cardamines)
81%
Le Cuivré commun (Lycaena phlaeas)
81%
Le Robert le Diable (Polygonia c-album)
80%
Le Morio (Nymphalis antiopa)
75%
La Belle-Dame (Vanessa cardui)
68%
L'Apollon (Parnassius apollo)
68%
Le Souci (Colias crocea)
68%
La Petite Tortue (Aglais urticae)
67%
La Carte géographique (Araschnia levana), forme printanière
66%
Le Petit Mars changeant (Apatura ilia)
65%
La Diane (Zerynthia polyxena)
59%
Le Sylvain azuré (Limenitis reducta)
59%
La Mégère (Lasiommata megera)
59%
L'Amaryllis (Pyronia tithonus)
58%
Le Damier de la succise (Euphydryas aurinia)
56%
L'Hespérie de la houque (Thymelicus sylvestris)
56%
Le Silène (Brintesia circe)
49%
Le Procris (Coenonympha pamphilus)
45%
L'Hespérie de la mauve (Pyrgus malvae)
45%
Le Petit Nacré (Issoria Iathonia)
42%
Le Tircis (Pararge aegeria)
41%
Aucun quiz correspondant
Distribution des résultats
% des personnes avec chaque résultat
Percentile par nombre de réponses
Votre historique - résultats
Vous n’avez pas pris ce quiz depuis la dernière actualisation